| 000 | 01042nam a22002897a 4500 | ||
|---|---|---|---|
| 003 | EG-ScBUE | ||
| 005 | 20211121105642.0 | ||
| 008 | 090803s2004 ua f 000 j ara d | ||
| 017 | _a2004 / 17865 | ||
| 040 |
_aEG-ScBUE _bara _erda _cEG-ScBUE _dEG-ScBUE |
||
| 082 | 0 | 4 |
_a892.33 _bح ت م _222 |
| 100 | 1 |
_aحتمل، جميل، _eمؤلف. |
|
| 245 | 1 | 0 |
_aمختارات من قصص جميل حتمل / _cاختيار وتقديم سلوى بكر. |
| 250 | _aالطبعة الأولى. | ||
| 264 | 1 |
_aالقاهرة : _bالهيئة العامة لقصور الثقافة، _c2004. |
|
| 300 | 0 |
_a215 صفحة ؛ _c18 سم. |
|
| 336 |
_2rdacontent _aنص _btxt |
||
| 337 |
_2rdamedia _aبدون وسيط _bn |
||
| 338 |
_2rdacarrier _aمجلد _bnc |
||
| 490 | 0 | _aآفاق عربية | |
| 650 | 7 |
_98319 _aالقصص القصيرة العربية. _zسوريا _yقرن 20. _2BUEsh |
|
| 651 | _2BUEsh | ||
| 653 |
_bARALIT _cNovember2021 |
||
| 655 |
_vReading book _934232 |
||
| 700 | 1 |
_aبكر، سلوى، _eمقدم. |
|
| 942 |
_2ddc _cBB |
||
| 999 |
_c12511 _d12511 |
||